| 000 -LEADER |
| fixed length control field |
01212nam a2200277Ia 4500 |
| 001 - CONTROL NUMBER |
| control field |
16366 |
| 003 - CONTROL NUMBER IDENTIFIER |
| control field |
GE_BSU |
| 008 - FIXED-LENGTH DATA ELEMENTS--GENERAL INFORMATION |
| fixed length control field |
181216s||||||||xx |||||||||||||| ||und|| |
| 020 ## - INTERNATIONAL STANDARD BOOK NUMBER |
| International Standard Book Number |
ISBN: 978-9941-23-109-4 |
| 040 ## - CATALOGING SOURCE |
| Transcribing agency |
GE_BSU |
| 080 ## - UNIVERSAL DECIMAL CLASSIFICATION NUMBER |
| Universal Decimal Classification number |
94(37)+929(37) |
| 100 ## - MAIN ENTRY--PERSONAL NAME |
| Personal name |
ტრანკვილუსი,გაიუს სვეტონიუს |
| 245 ## - TITLE STATEMENT |
| Title |
კეისართა ცხოვრება |
| 245 ## - TITLE STATEMENT |
| Remainder of title |
წიგნი II |
| 245 ## - TITLE STATEMENT |
| Statement of responsibility, etc. |
მთარგმნ.: ვიქტორია ჯუღელი,მაიადანელია;რედ.:ვიქტორია ჯუღელი;დიზაინერი:ია მახათაძე. |
| 260 ## - PUBLICATION, DISTRIBUTION, ETC. |
| Place of publication, distribution, etc. |
თბილისი |
| 260 ## - PUBLICATION, DISTRIBUTION, ETC. |
| Name of publisher, distributor, etc. |
ბაკურ სულაკაურის გამ-ბა |
| 260 ## - PUBLICATION, DISTRIBUTION, ETC. |
| Date of publication, distribution, etc. |
2014 |
| 300 ## - PHYSICAL DESCRIPTION |
| Extent |
238გვ.;22სმ. |
| 300 ## - PHYSICAL DESCRIPTION |
| Accompanying material |
ყდაზე:"კეისრის ტრიუმფი",1488,ანდრეა მანტენი.-შენიშვნები:გვ.109-235. |
| 653 ## - INDEX TERM--UNCONTROLLED |
| Uncontrolled term |
ბიოგრაფიები |
| 653 ## - INDEX TERM--UNCONTROLLED |
| Uncontrolled term |
ისტორია |
| 653 ## - INDEX TERM--UNCONTROLLED |
| Uncontrolled term |
კეისართა ცხოვრება |
| 942 ## - ADDED ENTRY ELEMENTS (KOHA) |
| Koha item type |
წიგნი |